000 00837nam0a2200265 4500
001 RU\NLR\BIBL_A\012095419
005 20250623205630.0
010 _93700
035 _a(NLR Aleph) 012095419
090 _a13296819
_c13296819
100 _a20190917d1991 |||y0rusy50 ca
101 0 _aaze
102 _aAZ
105 _aa z 000 y
200 1 _aЕшгим-мәним дар ағаҹым
_eше'рләр вә поемалар
_fИслам Туркаj
210 _aБакы
_cJазычы
_d1991
215 _a160 с.
_cшәк.
_d17
541 1 _aЛюбовь моя-виселица моя
_eстихи и поэмы
686 1 _aШ6(2=Аз)7-5
700 1 _aТуркаj
_bИ.
_gИслам
_4070
790 1 _aТуркай
_bИ.
_gИслам
_4070
852 _aNLR
_bОНЛ
_jАзерб./2-23247
942 _cBOOK
980 _aNB